Quelle est la distance entre ces deux villes ? - Statistiques

Statistiques générales
  • Ce quiz a été pris 31 fois
  • Le résultat moyen est 7 sur 15
Statistiques - réponses
Question Réponse % Correct
Sydney - Perth 3299 km
100%
Honolulu - Seattle 4312 km
100%
Teheran - Dubaï 1228 km
67%
Londres - Porto 1322 km
67%
Auckland - Malaga 19949 km
67%
Prague - Varsovie 516 km
67%
Shanghai - Taipei 690 km
67%
Kinshasa - Lagos 1786 km
33%
Lima-Bogota 1882 km
33%
La Havane - Acapulco 1956 km
33%
Tripoli - Le Cap 7412 km
33%
Strasbourg - Denver 8205 km
33%
Manaus - Fortaleza 2388 km
0%
Suva - Port Moresby 4987 km
0%
Istanbul - Tokyo 8969 km
0%
Aucun quiz correspondant
Distribution des résultats
% des personnes avec chaque résultat
Percentile par nombre de réponses
Votre historique - résultats
Vous n’avez pas pris ce quiz